[Event "SF Beelen 1 - SK Münster 4"]
[Site "Verbandsliga 2018/2019"]
[Date "2018.09.01"]
[Round "1.1"]
[White "Jansen, Dirk"]
[Black "Henke, Wolfgang"]
[Result "1-0"]
[WhiteElo "1962"]
[BlackElo "1795"]
[PlyCount "74"]
[EventDate "2018.??.??"]
[SourceDate "2018.09.09"]

1. c4 Nf6 2. Nc3 g6 3. g3 Bg7 4. Bg2 d6 5. d4 Nbd7 6. Nf3 O-O 7. O-O e5 8. e4
c6 9. h3 Ne8 10. Be3 Qe7 11. Re1 Kh8 12. Qd2 Rg8 13. Rad1 f5 14. exf5 gxf5 15.
c5 e4 16. Bg5 Qf7 17. Nh4 d5 18. f3 Ndf6 19. fxe4 fxe4 20. Rf1 Be6 21. Nf5 Bf8
22. Nd6 Qg6 23. Nxe8 Nxe8 24. Bf4 Bg7 25. Ne2 Nf6 26. Be5 Nh5 27. g4 Bxe5 28.
dxe5 Bxg4 29. hxg4 Qxg4 30. Rf2 Rg5 31. e6 e3 32. Qxe3 Nf6 33. e7 Rag8 34. Kf1
Ne4 35. Bxe4 dxe4 36. Rd8 Qh5 37. Qd4+ Re5 1-0

[Event "SF Beelen 1 - SK Münster 4"]
[Site "Verbandsliga 2018/2019"]
[Date "2018.09.01"]
[Round "1.2"]
[White "Hofene, Dieter"]
[Black "Leder, Nils"]
[Result "1/2-1/2"]
[WhiteElo "1993"]
[BlackElo "1840"]
[PlyCount "72"]
[EventDate "2018.??.??"]
[SourceDate "2018.09.09"]

1. e4 c6 2. d4 d5 3. exd5 cxd5 4. Bd3 Nc6 5. c3 Nf6 6. Bf4 Bg4 7. Qb3 Qd7 8.
Nd2 e6 9. Ngf3 Bd6 10. Bxd6 Qxd6 11. O-O O-O 12. Rae1 Nd7 13. Qc2 g6 14. Re3
Rac8 15. Qb1 Ne7 16. h3 Bf5 17. Nh4 Bxd3 18. Qxd3 b5 19. f4 Nf5 20. Nxf5 exf5
21. Nb3 b4 22. Qe2 bxc3 23. Rxc3 Rxc3 24. bxc3 Nf6 25. c4 dxc4 26. Qxc4 Nd5 27.
Qc5 Qe6 28. Qxa7 Qe3+ 29. Kh2 Nxf4 30. Qc7 Ne6 31. Qg3 Qe2 32. Rxf5 Qxa2 33.
Ra5 Qb2 34. d5 Nf4 35. Qxf4 Qxb3 36. Qe5 Qb8 1/2-1/2

[Event "SF Beelen 1 - SK Münster 4"]
[Site "Verbandsliga 2018/2019"]
[Date "2018.09.01"]
[Round "1.3"]
[White "Schöpper, Oliver"]
[Black "Hanewinkel, Winfried"]
[Result "1/2-1/2"]
[WhiteElo "1823"]
[BlackElo "1915"]
[PlyCount "83"]
[EventDate "2018.??.??"]
[SourceDate "2018.09.09"]

1. d4 Nf6 2. c4 g6 3. g3 Bg7 4. Bg2 O-O 5. Nc3 d6 6. Nf3 c6 7. O-O Nbd7 8. e4
e5 9. h3 Qc7 10. Be3 Re8 11. Rc1 Nf8 12. b4 exd4 13. Nxd4 Ne6 14. Nd5 Qd8 15.
Nxe6 Rxe6 16. Nf4 Re8 17. Qd3 Qe7 18. f3 Bf8 19. Rfe1 Nd7 20. Qd2 Ne5 21. c5 f5
22. Qc3 fxe4 23. cxd6 Qxd6 24. Bc5 Qc7 25. Rxe4 Bf5 26. Re3 Nf7 27. Rce1 Rxe3
28. Qxe3 b6 29. Bxf8 Kxf8 30. g4 Bd7 31. Ne6+ Bxe6 32. Qxe6 Qd6 33. Qxd6+ Nxd6
34. f4 Rc8 35. Re6 Rd8 36. Bxc6 Nc4 37. Re4 Rd1+ 38. Kf2 Nd6 39. Re2 Rc1 40.
Ba4 Rc4 41. Kf3 Rxb4 42. Bb3 1/2-1/2

[Event "SF Beelen 1 - SK Münster 4"]
[Site "Verbandsliga 2018/2019"]
[Date "2018.09.01"]
[Round "1.4"]
[White "Hanewinkel, Martin"]
[Black "Vogenauer, Nikolas"]
[Result "1-0"]
[WhiteElo "1836"]
[BlackElo "1817"]
[PlyCount "35"]
[EventDate "2018.??.??"]
[SourceDate "2018.09.09"]

1. d4 Nf6 2. Nf3 d5 3. Bf4 e6 4. c3 c5 5. e3 Nc6 6. Nbd2 Bd6 7. Bg5 Be7 8. Bd3
O-O 9. Ne5 Nxe5 10. dxe5 Nd7 11. Bf4 b6 12. h4 Bb7 13. Nf3 Qe8 14. Bxh7+ Kxh7
15. Ng5+ Bxg5 16. hxg5+ Kg6 17. Qh5+ Kf5 18. f3 1-0

[Event "SF Beelen 1 - SK Münster 4"]
[Site "Verbandsliga 2018/2019"]
[Date "2018.09.01"]
[Round "1.5"]
[White "Sokolowski, Cyril"]
[Black "Austermann, Reinhold"]
[Result "1/2-1/2"]
[WhiteElo "1725"]
[BlackElo "1810"]
[PlyCount "58"]
[EventDate "2018.??.??"]
[SourceDate "2018.09.09"]

1. e4 c5 2. Nf3 d6 3. Bc4 e6 4. O-O Nf6 5. Re1 Nbd7 6. c3 Ne5 7. Nxe5 dxe5 8.
d3 h6 9. Qf3 Qd6 10. Nd2 Bd7 11. a4 Bc6 12. Nb3 Rd8 13. Na5 Nd7 14. Be3 a6 15.
Nxc6 Qxc6 16. a5 Nf6 17. Qg3 Qd6 18. Ra3 Nh5 19. Qf3 Nf6 20. Rb3 Qc7 21. Qg3
Nh5 22. Qh4 g6 23. Qg4 Ng7 24. Rf1 Bd6 25. Rb6 Nh5 26. g3 Qe7 27. Qd1 Kf8 28.
Qb3 Rd7 29. Qd1 Rd8 1/2-1/2

[Event "SF Beelen 1 - SK Münster 4"]
[Site "Verbandsliga 2018/2019"]
[Date "2018.09.01"]
[Round "1.6"]
[White "Fartmann, Franz-Josef"]
[Black "Stumpe, Danny"]
[Result "1/2-1/2"]
[WhiteElo "1782"]
[BlackElo "1673"]
[PlyCount "43"]
[EventDate "2018.??.??"]
[SourceDate "2018.09.09"]

1. Nf3 g6 2. g3 Bg7 3. Bg2 d5 4. O-O Nf6 5. d3 O-O 6. c3 c5 7. Nbd2 Nc6 8. Qc2
Qc7 9. a3 b6 10. e4 Bb7 11. Re1 Rac8 12. Bh3 e6 13. exd5 Nxd5 14. Ng5 Rce8 15.
Nc4 b5 16. Ne3 Ne5 17. Nxd5 Bxd5 18. f4 Nf3+ 19. Nxf3 Bxf3 20. Qf2 Bd5 21. Be3
Rc8 22. Rac1 1/2-1/2

[Event "SF Beelen 1 - SK Münster 4"]
[Site "Verbandsliga 2018/2019"]
[Date "2018.09.01"]
[Round "1.7"]
[White "Frerichs, Mirco"]
[Black "Fuisting, Dominik"]
[Result "1/2-1/2"]
[WhiteElo "1440"]
[BlackElo "1816"]
[PlyCount "42"]
[EventDate "2018.??.??"]
[SourceDate "2018.09.09"]

1. d4 d5 2. Nf3 e6 3. c4 f5 4. e3 Nf6 5. Nc3 c6 6. a3 Bd6 7. cxd5 exd5 8. Bd3
Ne4 9. Nd2 O-O 10. O-O Qe7 11. Qe2 Nd7 12. f3 Nxd2 13. Bxd2 Nf6 14. Rae1 Qc7
15. g3 Bd7 16. Qg2 Rae8 17. e4 fxe4 18. fxe4 dxe4 19. Nxe4 Nxe4 20. Rxf8+ Rxf8
21. Bxe4 Bf5 1/2-1/2

[Event "SF Beelen 1 - SK Münster 4"]
[Site "Verbandsliga 2018/2019"]
[Date "2018.09.01"]
[Round "1.8"]
[White "Beckmann, Frank"]
[Black "Baumann, Eva"]
[Result "1/2-1/2"]
[WhiteElo "1746"]
[BlackElo "1742"]
[PlyCount "62"]
[EventDate "2018.??.??"]
[SourceDate "2018.09.09"]

1. d4 d5 2. Nf3 Nf6 3. e3 e6 4. c4 Nbd7 5. a3 c5 6. Nc3 Be7 7. Be2 O-O 8. O-O
Re8 9. Qc2 b6 10. Rd1 Bb7 11. b3 Rc8 12. dxc5 Bxc5 13. Nd2 a6 14. Bb2 Qc7 15.
Rac1 dxc4 16. Bxc4 Bd6 17. h3 b5 18. Be2 b4 19. axb4 Bxb4 20. Qb1 Qa5 21. Nc4
Qg5 22. Bf1 Rf8 23. Nd6 Bxd6 24. Rxd6 Nc5 25. Ba3 Rfe8 26. Bxc5 Qxc5 27. Rd4
Nd5 28. Rc4 Nxc3 29. Rxc5 Nxb1 30. Rxc8 Rxc8 31. Rxb1 Kf8 1/2-1/2

[Event "SV Heiden 1 - SK Metelen 1"]
[Site "Verbandsliga 2018/2019"]
[Date "2018.09.01"]
[Round "1.1"]
[White "Bernink, Henk"]
[Black "Wienen, Hermann"]
[Result "1-0"]
[WhiteElo "2040"]
[BlackElo "1934"]
[PlyCount "59"]
[EventDate "2018.??.??"]
[SourceDate "2018.09.09"]

1. c4 e5 2. Nc3 Nf6 3. Nf3 Nc6 4. g3 Bc5 5. Bg2 O-O 6. O-O d6 7. a3 a5 8. e3
Bg4 9. h3 Bh5 10. g4 Bg6 11. d4 Bb6 12. d5 Nb8 13. Nh2 Nbd7 14. e4 Bd4 15. Ne2
Bxe4 16. Nxd4 Bxg2 17. Kxg2 exd4 18. Nf3 Re8 19. Nxd4 Ne5 20. b3 Qd7 21. Nf5 a4
22. f4 Ng6 23. Bb2 Re4 24. Ng3 Rxf4 25. Bxf6 Rxf6 26. Rxf6 gxf6 27. Qd2 Nh4+
28. Kf2 Re8 29. Re1 axb3 30. Nh5 1-0

[Event "SV Heiden 1 - SK Metelen 1"]
[Site "Verbandsliga 2018/2019"]
[Date "2018.09.01"]
[Round "1.2"]
[White "Berger, Alfred"]
[Black "Koch, Alexander"]
[Result "1/2-1/2"]
[WhiteElo "1924"]
[BlackElo "2000"]
[PlyCount "68"]
[EventDate "2018.??.??"]
[SourceDate "2018.09.09"]

1. d4 Nf6 2. Nf3 g6 3. Nc3 d5 4. Bf4 Bg7 5. e3 O-O 6. Be2 c6 7. Ne5 Nbd7 8. Bf3
Qb6 9. Rb1 Nxe5 10. Bxe5 Rd8 11. Na4 Qa5+ 12. c3 b5 13. Nc5 Qxa2 14. Qc1 Qa5
15. b4 Qb6 16. Nb3 Bf5 17. Ra1 Nd7 18. Bxg7 Kxg7 19. O-O Qc7 20. Be2 Nb6 21.
Ra5 h5 22. Nc5 e5 23. Re1 h4 24. dxe5 Qxe5 25. f4 Qe7 26. Qd2 Nc4 27. Qd4+ f6
28. Ra6 Rd6 29. Bf1 Bc8 30. Ra2 Kf7 31. e4 dxe4 32. Bxc4+ bxc4 33. Qxc4+ Be6
34. Nxe6 Qxe6 1/2-1/2

[Event "SV Heiden 1 - SK Metelen 1"]
[Site "Verbandsliga 2018/2019"]
[Date "2018.09.01"]
[Round "1.3"]
[White "Schudro, Vasily"]
[Black "Ehrlich, Hans-Georg"]
[Result "1/2-1/2"]
[WhiteElo "2000"]
[BlackElo "1812"]
[PlyCount "66"]
[EventDate "2018.??.??"]
[SourceDate "2018.09.09"]

1. e4 d5 2. exd5 Qxd5 3. Nc3 Qd8 4. d4 c6 5. Be3 Nf6 6. Be2 Bf5 7. Bf3 Nbd7 8.
g4 Be6 9. h3 Nb6 10. Nge2 Bd5 11. Nxd5 Nfxd5 12. O-O e6 13. b3 h5 14. Kg2 hxg4
15. hxg4 Nxe3+ 16. fxe3 Qg5 17. e4 O-O-O 18. Qc1 Be7 19. Qxg5 Bxg5 20. c4 Rh6
21. Rh1 Rdh8 22. Rxh6 Rxh6 23. e5 f6 24. exf6 gxf6 25. Rd1 Rh7 26. Ng3 Bf4 27.
Nh5 Bg5 28. Kg3 Kc7 29. a4 a5 30. Rd3 Re7 31. Kg2 e5 32. dxe5 Rxe5 33. Ng3 Re3
1/2-1/2

[Event "SV Heiden 1 - SK Metelen 1"]
[Site "Verbandsliga 2018/2019"]
[Date "2018.09.01"]
[Round "1.5"]
[White "Grotenhuis, Gerard"]
[Black "Herdering, Martin"]
[Result "1/2-1/2"]
[WhiteElo "1904"]
[BlackElo "1819"]
[PlyCount "97"]
[EventDate "2018.??.??"]
[SourceDate "2018.09.09"]

1. b3 e5 2. Bb2 Nc6 3. e3 d5 4. Bb5 e4 5. f4 f5 6. Qh5+ g6 7. Qe2 Nf6 8. Nh3
Bg7 9. c4 a6 10. Bxc6+ bxc6 11. Nc3 O-O 12. Rc1 d4 13. exd4 Qxd4 14. Nf2 c5 15.
Na4 Qd6 16. Be5 Qc6 17. Qe3 Nd7 18. Bxg7 Kxg7 19. g4 fxg4 20. Nxg4 h5 21. Qc3+
Kh7 22. Ne5 Nxe5 23. Qxe5 Bh3 24. Rg1 Rae8 25. Qxc5 Qf6 26. Qg5 Qd6 27. c5 Qe6
28. Rc3 Bf5 29. c6 Qd6 30. Rgg3 Rd8 31. Rg2 Rfe8 32. Nb2 Qd4 33. Nd1 e3 34.
Rxe3 Rxe3+ 35. Nxe3 Re8 36. Re2 Qe4 37. Kf2 Bg4 38. Re1 Qd4 39. Qd5 Qxf4+ 40.
Kg1 Be6 41. Qg2 Rd8 42. Re2 Qd4 43. Qg3 Rd6 44. Qf2 Rxc6 45. Ng2 Rc1+ 46. Ne1
Qg4+ 47. Qg2 Qd4+ 48. Qf2 Qg4+ 49. Qg2 1/2-1/2

[Event "SV Heiden 1 - SK Metelen 1"]
[Site "Verbandsliga 2018/2019"]
[Date "2018.09.01"]
[Round "1.6"]
[White "Niewerth, Gerd"]
[Black "Zachej, Arne"]
[Result "0-1"]
[WhiteElo "1803"]
[BlackElo "1834"]
[PlyCount "82"]
[EventDate "2018.??.??"]
[SourceDate "2018.09.09"]

1. e4 c5 2. Nf3 d6 3. d4 cxd4 4. Nxd4 Nf6 5. Nc3 a6 6. Be2 e5 7. Nf3 Qc7 8. O-O
Be6 9. Kh1 Nbd7 10. Ng5 Bc4 11. Be3 h6 12. Nf3 Be7 13. a4 O-O 14. Ne1 Qc6 15.
f3 d5 16. exd5 Nxd5 17. Nxd5 Bxd5 18. Nd3 Rac8 19. c3 Rfd8 20. Qc1 Bc4 21. Qc2
Qe6 22. Nc1 Nf6 23. Bxc4 Qxc4 24. Ne2 Qd3 25. Qxd3 Rxd3 26. Bc1 Rcd8 27. g3 Rd1
28. Be3 Rxa1 29. Rxa1 Rd3 30. Bg1 Rxf3 31. Kg2 Rd3 32. b4 Nd5 33. Rc1 Rd2 34.
Kf3 Bg5 35. Re1 f5 36. h4 e4+ 37. Kg2 Bf6 38. Kh3 Nxc3 39. Nf4 g5 40. hxg5 hxg5
41. Ne6 g4# 0-1

[Event "SV Heiden 1 - SK Metelen 1"]
[Site "Verbandsliga 2018/2019"]
[Date "2018.09.01"]
[Round "1.8"]
[White "Kloster, Elisabeth"]
[Black "Denkler, Jürgen"]
[Result "1-0"]
[WhiteElo "1741"]
[BlackElo "1685"]
[PlyCount "43"]
[EventDate "2018.??.??"]
[SourceDate "2018.09.09"]

1. e4 e6 2. d4 d5 3. exd5 exd5 4. Bd3 Nf6 5. Bg5 Be7 6. Nf3 Bg4 7. Nbd2 Nbd7 8.
O-O O-O 9. c3 c5 10. h3 Be6 11. Qc2 h6 12. Bf4 Rc8 13. dxc5 Bxc5 14. Nb3 Bb6
15. Rfe1 Nc5 16. Nbd4 Nxd3 17. Qxd3 Ne4 18. Re2 Re8 19. Rd1 Bc7 20. Bxc7 Rxc7
21. Nxe6 Rxe6 22. Rxe4 1-0

[Event "TV Borken 1 - SK Gescher 1"]
[Site "Verbandsliga 2018/2019"]
[Date "2018.09.01"]
[Round "1.1"]
[White "Eißing, Christoph"]
[Black "Schulze-Schwering, Philipp"]
[Result "1/2-1/2"]
[WhiteElo "2005"]
[BlackElo "2063"]
[PlyCount "53"]
[EventDate "2018.??.??"]
[SourceDate "2018.09.09"]

1. e4 c6 2. d4 d5 3. Nc3 dxe4 4. Nxe4 Nd7 5. Ng5 Ngf6 6. Bd3 Nb6 7. N1f3 Bg4 8.
h3 Bxf3 9. Nxf3 e6 10. O-O Bd6 11. c4 Bc7 12. b3 O-O 13. Re1 Nbd7 14. Bb2 Re8
15. Ne5 Qe7 16. Qf3 Rab8 17. Rad1 Red8 18. Bb1 Nxe5 19. dxe5 Nd7 20. Rd4 Nf8
21. Rg4 Ba5 22. Ree4 Rd7 23. Rd4 Rbd8 24. Rd6 g6 25. Rgd4 Bb4 26. Rxd7 Rxd7 27.
Qd3 1/2-1/2

[Event "TV Borken 1 - SK Gescher 1"]
[Site "Verbandsliga 2018/2019"]
[Date "2018.09.01"]
[Round "1.2"]
[White "Schroer, Klaus"]
[Black "Lanfer, Stefan"]
[Result "1-0"]
[WhiteElo "1964"]
[BlackElo "1819"]
[PlyCount "75"]
[EventDate "2018.??.??"]
[SourceDate "2018.09.09"]

1. Nf3 c6 2. d4 d5 3. e3 Nf6 4. Nbd2 Bf5 5. Be2 Nbd7 6. b3 e6 7. Bb2 Bd6 8. c4
O-O 9. O-O Re8 10. Ne5 Qb8 11. f4 h6 12. g4 Bh7 13. h4 Bxe5 14. fxe5 Ne4 15.
Nxe4 Bxe4 16. Bd3 Bxd3 17. Qxd3 Qd8 18. g5 hxg5 19. h5 g4 20. Kg2 Qg5 21. cxd5
cxd5 22. Ba3 f5 23. exf6 Nxf6 24. Qg6 Qxg6 25. hxg6 Ne4 26. Rf7 Ng5 27. Rxb7 e5
28. dxe5 Nf3 29. Rc1 Re6 30. Rcc7 Rxg6 31. e6 Re8 32. e7 Re6 33. Rd7 Nh4+ 34.
Kg1 Ng6 35. Rd8 Kf7 36. Rxe8 Kxe8 37. Rb8+ Kf7 38. Rf8+ 1-0

[Event "TV Borken 1 - SK Gescher 1"]
[Site "Verbandsliga 2018/2019"]
[Date "2018.09.01"]
[Round "1.3"]
[White "Iking, Bernhard"]
[Black "Thesing, Ansgar"]
[Result "0-1"]
[WhiteElo "1761"]
[BlackElo "1828"]
[PlyCount "100"]
[EventDate "2018.??.??"]
[SourceDate "2018.09.09"]

1. d4 Nf6 2. c4 e6 3. Nc3 d5 4. Bg5 c6 5. e3 Nbd7 6. Nf3 h6 7. Bh4 Be7 8. Rc1
O-O 9. Bd3 dxc4 10. Bxc4 b5 11. Bd3 Bb7 12. O-O b4 13. Na4 Rc8 14. Bxf6 Bxf6
15. Nc5 Nxc5 16. Rxc5 Be7 17. Rc1 Qa5 18. Qe2 c5 19. Ne5 cxd4 20. exd4 Qd5 21.
Nf3 Bf6 22. Bc4 Qh5 23. Ne5 Qxe2 24. Bxe2 Rfd8 25. Rxc8 Rxc8 26. Bd3 Bd5 27.
Bb1 a5 28. f3 a4 29. Kf2 a3 30. bxa3 bxa3 31. Ke3 Bd8 32. Rf2 Rc3+ 33. Kf4 Bc7
34. Kg4 f6 35. Nd3 Rc4 36. Nc5 Rxd4+ 37. Kh3 Rc4 38. Nb3 g5 39. g3 Rc3 40. Rc2
Rxc2 41. Bxc2 Bxf3 42. Nd4 Bd5 43. Nb5 Bd8 44. Nxa3 Bxa2 45. Nb5 f5 46. Nc3 Bc4
47. Kg2 Bb6 48. h3 Bd4 49. Nd1 Bd5+ 50. Kh2 Kg7 0-1

[Event "TV Borken 1 - SK Gescher 1"]
[Site "Verbandsliga 2018/2019"]
[Date "2018.09.01"]
[Round "1.4"]
[White "Farwick, Christian"]
[Black "Stein, Michael"]
[Result "1/2-1/2"]
[WhiteElo "1817"]
[BlackElo "1712"]
[PlyCount "42"]
[EventDate "2018.??.??"]
[SourceDate "2018.09.09"]

1. Nf3 d5 2. d4 Nf6 3. Bf4 c5 4. c3 cxd4 5. cxd4 Qb6 6. Qb3 Qxb3 7. axb3 Nc6 8.
e3 a6 9. Nc3 Bf5 10. Nb5 Rc8 11. Na3 e6 12. Be2 Bb4+ 13. Kf1 Nh5 14. Bg3 Nxg3+
15. fxg3 h6 16. Kf2 O-O 17. Rhc1 Ne7 18. Ne5 Rxc1 19. Rxc1 Rc8 20. Rxc8+ Nxc8
21. Bd3 Bxd3 1/2-1/2

[Event "TV Borken 1 - SK Gescher 1"]
[Site "Verbandsliga 2018/2019"]
[Date "2018.09.01"]
[Round "1.5"]
[White "Frieske, Hilmar"]
[Black "Bohn, Andreas"]
[Result "0-1"]
[WhiteElo "1709"]
[BlackElo "1829"]
[PlyCount "86"]
[EventDate "2018.??.??"]
[SourceDate "2018.09.09"]

1. e4 c5 2. Nf3 d6 3. d4 cxd4 4. Nxd4 Nf6 5. Bc4 Qc7 6. Bd3 a6 7. Nc3 e6 8. O-O
Be7 9. Nce2 O-O 10. c3 Nbd7 11. Ng3 d5 12. exd5 Nxd5 13. Qc2 N7f6 14. Bg5 h6
15. Bd2 Rd8 16. a3 Bd6 17. Nde2 b6 18. Qc1 Bf8 19. Bc2 Bb7 20. c4 Rac8 21. Bb3
Ne7 22. Bc3 Ne4 23. Nxe4 Bxe4 24. Qf4 Qb7 25. f3 Bd3 26. Rfe1 Ng6 27. Qg4 Rc5
28. h4 h5 29. Qg3 Be7 30. Qf2 Bxh4 31. g3 Be7 32. Bb4 Bxc4 33. Bxc4 Rxc4 34.
Bxe7 Nxe7 35. Nc3 Qc7 36. Rad1 Rxd1 37. Rxd1 Nf5 38. Kg2 Qc5 39. Rd8+ Kh7 40.
Qe2 Qc7 41. Qd3 Qxg3+ 42. Kf1 Rh4 43. Ke2 Qg2+ 0-1

[Event "TV Borken 1 - SK Gescher 1"]
[Site "Verbandsliga 2018/2019"]
[Date "2018.09.01"]
[Round "1.6"]
[White "Klugstedt, Vincent C."]
[Black "Kamp, Silvia"]
[Result "1-0"]
[WhiteElo "1839"]
[BlackElo "1584"]
[PlyCount "63"]
[EventDate "2018.??.??"]
[SourceDate "2018.09.09"]

1. d4 d5 2. c4 e6 3. Nc3 Nf6 4. cxd5 exd5 5. Bg5 Be7 6. e3 c6 7. Bd3 Be6 8. Nf3
Nbd7 9. O-O Rc8 10. Rc1 h6 11. Bh4 O-O 12. Qa4 Qb6 13. Qb3 Qxb3 14. axb3 Bd6
15. Nd2 g5 16. Bg3 Bxg3 17. hxg3 Ng4 18. Ra1 Ra8 19. b4 a6 20. Rfe1 Ngf6 21. f3
Nh5 22. Kf2 Kg7 23. Na4 f5 24. Nb3 Nhf6 25. Nac5 Nxc5 26. Nxc5 Bc8 27. b5 a5
28. bxc6 bxc6 29. b4 Ne4+ 30. Bxe4 fxe4 31. Rxa5 Bg4 32. Rxa8 1-0

[Event "TV Borken 1 - SK Gescher 1"]
[Site "Verbandsliga 2018/2019"]
[Date "2018.09.01"]
[Round "1.8"]
[White "Boldrick, Marcel"]
[Black "Eißing, Richard"]
[Result "1-0"]
[WhiteElo "1699"]
[BlackElo "1485"]
[PlyCount "45"]
[EventDate "2018.??.??"]
[SourceDate "2018.09.09"]

1. e4 b6 2. d4 Bb7 3. Nc3 e6 4. f4 Bb4 5. Bd3 f5 6. Qe2 Bxc3+ 7. bxc3 fxe4 8.
Bxe4 Bxe4 9. Qxe4 c6 10. Nf3 Nf6 11. Qd3 O-O 12. O-O Qc7 13. Bd2 d5 14. Ng5 Re8
15. Rae1 Qd6 16. f5 exf5 17. Rxe8+ Nxe8 18. Qxf5 Nf6 19. Qc8+ Qf8 20. Qe6+ Kh8
21. Nf7+ Kg8 22. Ne5+ Kh8 23. Bg5 1-0

[Event "SF Telgte 1 - SC Rochade Emsdetten 2"]
[Site "Verbandsliga 2018/2019"]
[Date "2018.09.01"]
[Round "1.1"]
[White "Delere, Adrian"]
[Black "Lodde, Martin"]
[Result "1/2-1/2"]
[WhiteElo "1880"]
[BlackElo "1946"]
[PlyCount "81"]
[EventDate "2018.??.??"]
[SourceDate "2018.09.09"]

1. f4 d5 2. Nf3 Nf6 3. g3 b6 4. Bg2 Bb7 5. O-O e6 6. h3 Be7 7. d3 O-O 8. Nbd2
d4 9. Nb3 c5 10. e4 dxe3 11. Bxe3 Qc7 12. Qe2 Nd5 13. Bd2 a5 14. a4 Nd7 15. Bc1
Bf6 16. Nbd2 g6 17. Nc4 Rac8 18. Nfe5 Rfd8 19. Re1 Nf8 20. Na3 Qb8 21. Qf3 Ba8
22. Nac4 Qc7 23. Qf2 Bg7 24. b3 Nd7 25. Bb2 N7f6 26. Re2 Nb4 27. Bxa8 Rxa8 28.
Rf1 Nc6 29. Nf3 Rd5 30. Be5 Qd8 31. Ne3 Rd7 32. Nc4 Raa7 33. Bb2 Rab7 34. Nfe5
Rdc7 35. Nxc6 Rxc6 36. Be5 Rd7 37. g4 Rc8 38. f5 exf5 39. gxf5 g5 40. Qg3 h6
41. Qf3 1/2-1/2

[Event "SF Telgte 1 - SC Rochade Emsdetten 2"]
[Site "Verbandsliga 2018/2019"]
[Date "2018.09.01"]
[Round "1.3"]
[White "Wissing, Philipp"]
[Black "Junker, Axel"]
[Result "1/2-1/2"]
[WhiteElo "1775"]
[BlackElo "1906"]
[PlyCount "49"]
[EventDate "2018.??.??"]
[SourceDate "2018.09.09"]

1. e4 c5 2. Nf3 Nc6 3. d4 cxd4 4. Nxd4 d6 5. c4 Nf6 6. Nc3 g6 7. Be2 Bg7 8. Nc2
Be6 9. O-O h5 10. Rb1 Qa5 11. Bd2 Ne5 12. Nd5 Qd8 13. Nxf6+ Bxf6 14. Nd4 Bd7
15. Bc3 Rc8 16. Qb3 Qc7 17. Nb5 Bxb5 18. Qxb5+ Qc6 19. Qxc6+ Rxc6 20. Bxe5 Bxe5
21. b3 Bd4 22. Rfd1 e5 23. Kf1 f5 24. exf5 gxf5 25. Bf3 1/2-1/2

[Event "SF Telgte 1 - SC Rochade Emsdetten 2"]
[Site "Verbandsliga 2018/2019"]
[Date "2018.09.01"]
[Round "1.4"]
[White "Kuhlenbäumer, Willi"]
[Black "Nöring, Andreas"]
[Result "1/2-1/2"]
[WhiteElo "1922"]
[BlackElo "1829"]
[PlyCount "124"]
[EventDate "2018.??.??"]
[SourceDate "2018.09.09"]

1. e4 e5 2. Nf3 Nf6 3. Nxe5 d6 4. Nf3 Nxe4 5. d4 d5 6. Be2 Bd6 7. Nc3 Bb4 8.
O-O Nc6 9. Bd3 Nxc3 10. bxc3 Be7 11. Re1 O-O 12. Rb1 Rb8 13. Bf4 Bg4 14. h3 Bh5
15. g4 Bg6 16. Qd2 Bxd3 17. Qxd3 Bd6 18. Qe3 Bxf4 19. Qxf4 Qd7 20. Kg2 b6 21.
Re2 Rfe8 22. Rbe1 Rxe2 23. Rxe2 Kf8 24. Ng5 Kg8 25. h4 h6 26. Nf3 f6 27. Re1
Rd8 28. h5 Qd6 29. Qe3 Kf7 30. Nh4 Ne7 31. f4 Qd7 32. Kf3 Re8 33. Ng2 Nc6 34.
Qxe8+ Qxe8 35. Rxe8 Kxe8 36. f5 Nd8 37. Nf4 c6 38. Ke3 Ke7 39. a4 a6 40. Nd3
Kd6 41. Nb2 b5 42. Kd2 Nb7 43. Nd3 bxa4 44. Kc1 Na5 45. Nc5 Nc4 46. Nxa4 Ne3
47. Kd2 Nc4+ 48. Ke2 a5 49. Nc5 Ke7 50. Na4 Kd8 51. Nc5 Kc8 52. Kd1 Kb8 53. Kc1
Ka7 54. Ne6 Ne3 55. Kb2 Nxg4 56. Nxg7 Kb6 57. Ne8 Ne3 58. Nxf6 Nxf5 59. c4 dxc4
60. Ng4 Kb5 61. c3 Ng3 62. Nxh6 Nxh5 1/2-1/2

[Event "SF Telgte 1 - SC Rochade Emsdetten 2"]
[Site "Verbandsliga 2018/2019"]
[Date "2018.09.01"]
[Round "1.5"]
[White "Wehmeier, Sven"]
[Black "Esser, Peter"]
[Result "1/2-1/2"]
[WhiteElo "1806"]
[BlackElo "1770"]
[PlyCount "57"]
[EventDate "2018.??.??"]
[SourceDate "2018.09.09"]

1. e4 c6 2. d4 d5 3. Nc3 dxe4 4. Nxe4 Nd7 5. Nf3 Ndf6 6. Qe2 Nxe4 7. Qxe4 Nf6
8. Qe5 e6 9. Bg5 Bd6 10. Bxf6 gxf6 11. Qh5 Qe7 12. Bd3 Bd7 13. O-O O-O-O 14.
Rfe1 Qf8 15. c4 Kb8 16. c5 Bc7 17. b4 Qg7 18. a4 e5 19. Bf5 Bxf5 20. Qxf5 exd4
21. Rad1 Rd5 22. Qe4 Rhd8 23. Rxd4 Rxd4 24. Nxd4 Be5 25. Nb3 Qg6 26. Qc4 Qd3
27. Qxf7 Qe2 28. Rf1 Rd1 29. Qe8+ 1/2-1/2

[Event "SF Telgte 1 - SC Rochade Emsdetten 2"]
[Site "Verbandsliga 2018/2019"]
[Date "2018.09.01"]
[Round "1.6"]
[White "Kuhlenbäumer, Alfred"]
[Black "Teschler, Ansgar"]
[Result "1-0"]
[WhiteElo "1827"]
[BlackElo "1713"]
[PlyCount "109"]
[EventDate "2018.??.??"]
[SourceDate "2018.09.09"]

1. e4 c5 2. f4 Nc6 3. Nf3 g6 4. Bb5 Bg7 5. Bxc6 dxc6 6. O-O Nf6 7. Qe2 Bg4 8.
d3 O-O 9. Nc3 Qb6 10. Kh1 Nd7 11. h3 Bxf3 12. Qxf3 e5 13. f5 f6 14. Na4 Qc7 15.
b3 b6 16. Be3 g5 17. g3 Qd8 18. Kg2 Qe8 19. g4 Kf7 20. h4 h6 21. Rh1 Ke7 22.
Qe2 Qf7 23. c3 Kd6 24. d4 cxd4 25. cxd4 Kc7 26. Rac1 Kb7 27. d5 cxd5 28. Qb5 d4
29. Qc6+ Ka6 30. Bd2 Rfc8 31. Qxc8+ Rxc8 32. Rxc8 Bf8 33. hxg5 hxg5 34. Rc6 Ba3
35. Bc1 Kb7 36. Rc2 Bxc1 37. Rhxc1 Nb8 38. Nb2 Qe7 39. Nd3 Na6 40. Kg3 Qa3 41.
Kf3 Qd6 42. Rc4 Nb8 43. Nb4 Nd7 44. Nd5 Nc5 45. R1c2 Qf8 46. Rh2 Qg7 47. b4 Na6
48. a3 Qd7 49. Nxf6 Qb5 50. Rh7+ Ka8 51. Rh8+ Kb7 52. Ne8 Qd7 53. Rg8 b5 54.
Rc1 Kb6 55. Rg6+ 1-0

[Event "SF Telgte 1 - SC Rochade Emsdetten 2"]
[Site "Verbandsliga 2018/2019"]
[Date "2018.09.01"]
[Round "1.7"]
[White "Bilecen, Simon"]
[Black "Pohl, Detlev"]
[Result "1/2-1/2"]
[WhiteElo "1700"]
[BlackElo "1821"]
[PlyCount "69"]
[EventDate "2018.??.??"]
[SourceDate "2018.09.09"]

1. d4 d6 2. Bf4 Nd7 3. Nf3 g6 4. e3 Bg7 5. Nbd2 c6 6. c4 e5 7. Bg5 f6 8. Bh4
Nh6 9. Bd3 Qc7 10. Qb3 Nf7 11. O-O O-O 12. Rfe1 c5 13. Be4 Rb8 14. Bd5 Nb6 15.
Rac1 Nxd5 16. cxd5 b6 17. dxe5 fxe5 18. Qd3 Bf5 19. e4 Bc8 20. Ng5 Nxg5 21.
Bxg5 h6 22. Be3 g5 23. b4 Bd7 24. bxc5 bxc5 25. Rb1 Rfc8 26. Rxb8 Rxb8 27. Rb1
Bf8 28. Rb3 Rb6 29. Qe2 Rxb3 30. axb3 Qa5 31. h3 Qd8 32. Qa6 Qb6 33. Qe2 Qd8
34. Qa6 Qb6 35. Qe2 1/2-1/2

[Event "SF Telgte 1 - SC Rochade Emsdetten 2"]
[Site "Verbandsliga 2018/2019"]
[Date "2018.09.01"]
[Round "1.8"]
[White "Schenke, Conrad"]
[Black "Gerighausen, Karl-Heinz"]
[Result "0-1"]
[WhiteElo "1684"]
[BlackElo "1656"]
[PlyCount "102"]
[EventDate "2018.??.??"]
[SourceDate "2018.09.09"]

1. e4 c5 2. Nc3 g6 3. Nf3 Bg7 4. d4 cxd4 5. Nxd4 Nc6 6. Be3 Nf6 7. Bc4 O-O 8.
O-O Nxe4 9. Nxe4 d5 10. Bxd5 Qxd5 11. Nc3 Qa5 12. Nxc6 bxc6 13. Qf3 Rb8 14. Bd2
Rxb2 15. Ne4 Qf5 16. Qd3 Qd5 17. Bc3 Qxd3 18. cxd3 Bxc3 19. Nxc3 Bf5 20. d4
Rfb8 21. Rac1 Rc2 22. Rxc2 Bxc2 23. Rc1 Rb2 24. Kf1 Bd3+ 25. Ke1 f6 26. Rd1 Bc4
27. Rd2 Rxd2 28. Kxd2 Kf7 29. a3 Bf1 30. g3 Ke6 31. Ke3 Kd6 32. f3 Bc4 33. Ne4+
Kd5 34. Nc3+ Kd6 35. f4 Bd5 36. Na4 e5 37. Nc5 Bg2 38. Nd3 e4 39. Nc5 Kd5 40.
Nb3 Kc4 41. Nd2+ Kd5 42. Nb3 Kc4 43. Nd2+ Kc3 44. Nxe4+ Bxe4 45. Kxe4 Kb3 46.
Kd3 f5 47. a4 Kb4 48. h3 h5 49. d5 cxd5 50. Kd4 Kxa4 51. Kxd5 Kb5 0-1